Loading...
NCERT MATHEMATICS: TEXT BOOK for Class IX/
| Format: | Printed Book |
|---|---|
| Language: | English |
| Published: |
National Council of Educational Research and Training
2017
|
| LEADER | 00503 a2200133 4500 | ||
|---|---|---|---|
| 008 | 200116b xxu||||| |||| 00| 0 eng d | ||
| 999 | |c 192006 |d 192006 | ||
| 020 | |a 8174504893 | ||
| 084 | |2 cc |a zobT:5(B),5 | ||
| 245 | |a NCERT MATHEMATICS: TEXT BOOK for Class IX/ | ||
| 260 | |b National Council of Educational Research and Training |c 2017 | ||
| 300 | |b 350p. | ||
| 942 | |c REF | ||
| 952 | |0 0 |1 0 |4 0 |6 ZOBT_5B5_P63_9_000000000000000 |7 0 |8 R |9 332837 |a LIB |b LIB |d 2020-01-07 |e 13 |g 114.75 |o zobT:5(B),5 P63.9 |p 313319 |r 2020-01-07 |v 135.00 |y REF | ||